000 00776nam a2200253Ia 4500
003 OSt
005 20221005133549.0
006 a|||||r|||| 00| 0
007 ta
008 221004b |||||||| |||| 00| 0 hin d
020 _a8176485284
024 _a77827
037 _cTextual
040 _aCRL
_cCRL
_bhin
041 _2hin
_ahin
082 _aY:5:(G:55)k, 152P4
100 _aमिश्र, दिनेश कुमार
245 0 _aजनसंख्या पर्यावरण एवं विकास
246 _aJanasankhyā paryāvaraṇ evan vikāsa
260 _c2004
300 _a282पृ0
_ccm.
942 _hY:5:(G:55)k, 152P4
_cTEXL
_2cc
999 _c1067230
_d1067230